000 00678nam a2200217 4500
003 OSt
005 20240727032315.0
006 a
008 240727b |||||||| |||| 00| 0 eng d
020 _a9780763768720
040 _aDWCL-Main lib.
_cOC
082 _aCirc. 617.5810592 F536o 2011
100 _aFischer, Stuart J
245 _a100 questions & answers about hip replacement /
260 _aSudbury, Mass. :
_bJones & Bartlett Pub. ,
_cc2011.
300 _ax,
_b253 p. : ill. ;
_c23 cm.
504 _aIncludes index.
650 _a1. Total hip replacement-Surgery-Popular works.
650 _a2. Hip joint-Surgery-Popular works.
942 _2ddc
_n0
_cBK-CIRC
_kCirc.
999 _c2865
_d2865